[Event "Sardinia World Open A"]
[Site "Orosei ITA"]
[Date "2026.05.04"]
[Round "2.13"]
[White "Fier, Alexandr"]
[Black "Petcu, Gabriel"]
[Result "1-0"]
[WhiteTitle "GM"]
[BlackTitle "FM"]
[WhiteElo "2578"]
[BlackElo "2323"]
[WhiteFideId "2107139"]
[BlackFideId "28548485"]
[EventDate "2026.05.03"]

1. d4 Nf6 2. c4 e6 3. Nf3 d5 4. g3 Bb4+ 5. Bd2 Bd6 6. Bg2 c6 7. Nc3 Nbd7 8. b3
O-O 9. O-O dxc4 10. bxc4 e5 11. e3 Qe7 12. Qc2 Bc7 13. Rad1 Nb6 14. c5 Nbd7 15.
Nh4 Rd8 16. Nf5 Qe8 17. Bc1 Nf8 18. d5 cxd5 19. Nxd5 Nxd5 20. Bxd5 Rb8 21. Bb2
Be6 22. e4 g6 23. Ne3 Bh3 24. Rfe1 Rdc8 25. f4 Ba5 26. Bxe5 Bxe1 27. Rxe1 Qe7
28. Bd6 Qd7 29. Qb2 Re8 30. Bxb8 Rxb8 31. c6 Qe7 32. cxb7 Nd7 33. g4 Qc5 34. Kf2
Qd6 35. e5 Qa6 36. Kg3 Qa5 37. Rc1 1-0

[Event "Sardinia World Open A"]
[Site "Orosei ITA"]
[Date "2026.05.04"]
[Round "2.14"]
[White "Kreken, Eivind Grunt"]
[Black "Amar, Elham"]
[Result "0-1"]
[WhiteTitle "FM"]
[BlackTitle "GM"]
[WhiteElo "2325"]
[BlackElo "2576"]
[WhiteFideId "1532359"]
[BlackFideId "1533533"]
[EventDate "2026.05.03"]

1. Nf3 Nf6 2. c4 g6 3. Nc3 Bg7 4. d4 d5 5. Bf4 O-O 6. Rc1 dxc4 7. e3 Be6 8. Ng5
Bd5 9. e4 h6 10. exd5 hxg5 11. Bxg5 b5 12. Qf3 Qd7 13. g3 Re8 14. Bg2 Na6 15.
O-O Nb4 16. b3 cxb3 17. axb3 Rad8 18. Rfe1 a5 19. Bxf6 Bxf6 20. Qe4 Kg7 21. h4
e6 22. Bh3 Nxd5 23. Nxd5 Qxd5 24. Rxc7 Qd6 25. Qb7 Re7 26. Rxe7 Qxe7 27. Qxb5
Bxd4 28. Qxa5 Qf6 29. Rf1 Rc8 30. Qg5 Qf3 31. Bg2 Qe2 32. h5 Qxh5 33. Qxh5 gxh5
34. Rd1 e5 35. Be4 Rc3 36. Rd3 Rc2 37. Rf3 Re2 38. Bd5 Re1+ 39. Kg2 f6 40. b4
Kg6 41. b5 Re2 42. Kf1 Rb2 43. Be4+ Kf7 44. Rf5 Ke6 45. Ke1 Bb6 46. Kf1 Bc5 47.
Ke1 Rb4 48. f3 Rb2 49. Rxh5 Bf2+ 50. Kd1 Bxg3 51. Bc6 Bf4 52. Rh7 Kd6 53. Rd7+
Kc5 54. Be4 Kc4 55. Rc7+ Kd4 56. Rd7+ Ke3 57. Rd3+ Kf2 58. Rd5 Bg5 59. Rd7 Rxb5
60. Kc2 Ra5 61. Rf7 Ra3 62. Bd5 Ke2 63. Be4 Ra1 64. Rh7 Rc1+ 65. Kb2 Rc5 66. Kb3
Ke3 67. Rf7 Kf4 68. Rf8 Rc1 69. Kb2 Rf1 70. Kc2 Rf2+ 71. Kd3 Kg3 72. Rf7 Ra2 73.
Rf8 Kf2 74. Rf7 Ra3+ 75. Kc2 Ke2 76. Rf8 Ra7 77. Kc3 Rc7+ 78. Kb2 Kd2 79. Rd8+
Ke3 80. Rf8 Rc4 81. Kb3 Rc1 82. Kb2 Rf1 83. Kc2 Rf2+ 84. Kc3 Rxf3 85. Bxf3 Kxf3
86. Kd3 e4+ 87. Kd4 Bh4 88. Re8 f5 89. Re6 Bf2+ 90. Kc3 e3 91. Kd3 f4 92. Re8
Bh4 93. Re6 Kf2 94. Re5 Bd8 95. Re6 Bg5 96. Re5 f3 97. Rxg5 e2 98. Re5 e1=Q 99.
Rxe1 Kxe1 100. Ke3 f2 0-1

[Event "Sardinia World Open A"]
[Site "Orosei ITA"]
[Date "2026.05.04"]
[Round "2.15"]
[White "Sokolovsky, Yahli"]
[Black "Szwed, Jacek"]
[Result "1-0"]
[WhiteTitle "GM"]
[BlackTitle "FM"]
[WhiteElo "2564"]
[BlackElo "2316"]
[WhiteFideId "2820242"]
[BlackFideId "1126431"]
[EventDate "2026.05.03"]

1. e4 e5 2. Nf3 Nf6 3. Nxe5 d6 4. Nf3 Nxe4 5. d4 d5 6. Bd3 Nc6 7. O-O Be7 8. c4
Nb4 9. Be2 Bf5 10. a3 Nc6 11. Qb3 Na5 12. Qa4+ c6 13. c5 O-O 14. Nfd2 b5 15. Qd1
Bf6 16. Nf3 Re8 17. Re1 Qc7 18. Nbd2 Re7 19. Nf1 Rae8 20. Ne3 Bc8 21. Qc2 Nc4
22. b3 Nxe3 23. Bxe3 a5 24. Bd3 Bf5 25. Ne5 Rxe5 26. Bf4 g5 27. Bxe5 Bxe5 28.
dxe5 Qxe5 29. Rad1 Re6 30. f3 Rh6 31. g4 Qd4+ 32. Kf1 Ng3+ 33. Kg2 Bxd3 34. Rxd3 1-0

[Event "Sardinia World Open A"]
[Site "Orosei ITA"]
[Date "2026.05.04"]
[Round "2.16"]
[White "Zeng, Chongsheng"]
[Black "Hercegovac, Neven"]
[Result "1-0"]
[WhiteTitle "GM"]
[BlackTitle "FM"]
[WhiteElo "2557"]
[BlackElo "2307"]
[WhiteFideId "8603847"]
[BlackFideId "2839135"]
[EventDate "2026.05.03"]

1. d4 d5 2. c4 e6 3. Nc3 Nf6 4. cxd5 exd5 5. Bg5 Be7 6. e3 h6 7. Bh4 O-O 8. Bd3
Re8 9. Nge2 c6 10. Qc2 a5 11. O-O Na6 12. a3 Nc7 13. Rae1 Ne6 14. Bg3 b5 15. Rc1
Bd7 16. Nf4 Nxf4 17. Bxf4 Rc8 18. h3 Qb6 19. Rfd1 c5 20. dxc5 Bxc5 21. Bf5 Bxf5
22. Qxf5 d4 23. Na4 bxa4 24. exd4 Qxb2 25. dxc5 Ne4 26. Be3 Qxa3 27. c6 Qb3 28.
Re1 Qb4 29. Red1 Qb3 30. Rd7 Nf6 31. Rd3 Qb2 32. c7 Qb7 33. Qxa5 a3 34. Rd2 Ra8
35. Qb6 Qe4 36. Qb3 Qe6 37. Qxe6 fxe6 38. Bf4 Nd5 39. Be5 Rec8 40. g4 g5 41. Kg2
a2 42. Ra1 Nxc7 43. Rdxa2 Rxa2 44. Rxa2 Ra8 45. Rb2 Nd5 46. Rb7 Ra4 47. Rg7+ Kf8
48. Rh7 Nf4+ 49. Bxf4 Rxf4 50. Rxh6 Kf7 51. Rh7+ Kf6 52. Rh8 Ra4 53. Rf8+ Kg6
54. Rf3 Rb4 55. Re3 Kf6 56. Kg3 Rb1 57. f4 Rg1+ 58. Kf2 Ra1 59. fxg5+ Kxg5 60.
Rxe6 Ra3 61. Re3 Ra1 62. Re5+ Kg6 63. h4 Ra3 64. Re6+ Kf7 65. Re3 Ra1 66. Kg3
Rg1+ 67. Kf4 Ra1 68. h5 Ra5 69. Re5 Ra1 70. Kg5 Ra6 71. Rc5 Rb6 72. h6 Kg8 73.
Kh5 Ra6 74. g5 Ra8 75. g6 Kh8 76. h7 1-0

[Event "Sardinia World Open A"]
[Site "Orosei ITA"]
[Date "2026.05.04"]
[Round "2.17"]
[White "Yilmaz, Mustafa"]
[Black "Raghav V"]
[Result "1-0"]
[WhiteTitle "GM"]
[BlackTitle "FM"]
[WhiteElo "2549"]
[BlackElo "2301"]
[WhiteFideId "6302718"]
[BlackFideId "25922475"]
[EventDate "2026.05.03"]

1. Nf3 Nf6 2. c4 g6 3. Nc3 d5 4. cxd5 Nxd5 5. h4 Bg7 6. e4 Nxc3 7. dxc3 Qxd1+ 8.
Kxd1 Nd7 9. h5 gxh5 10. Nd4 Nf6 11. f3 e5 12. Nb5 Kd8 13. a4 Be6 14. Kc2 Nd7 15.
Rxh5 Nc5 16. b4 Nd7 17. a5 a6 18. Na3 c5 19. Bc4 Ke7 20. Be3 cxb4 21. cxb4 Rac8
22. Kb3 Rc6 23. Rc1 Bxc4+ 24. Rxc4 Rxc4 25. Nxc4 Ke6 26. Bd2 Bf6 27. Rh6 Rg8 28.
g4 Rg6 29. Rxh7 Be7 30. Rh5 Rf6 31. Rh3 Rg6 32. Rh5 Rf6 33. Rf5 Rg6 34. Bc3 Rg5
35. Ne3 Rg8 36. Rh5 Bg5 37. Nf5 b6 38. axb6 Nxb6 39. Rh1 Rd8 1-0

[Event "Sardinia World Open A"]
[Site "Orosei ITA"]
[Date "2026.05.04"]
[Round "2.18"]
[White "Prraneeth, Vuppala"]
[Black "Fargetta, Vittorio"]
[Result "1-0"]
[WhiteTitle "GM"]
[WhiteElo "2515"]
[BlackElo "2274"]
[WhiteFideId "46622373"]
[BlackFideId "2866221"]
[EventDate "2026.05.03"]

1. e4 e6 2. d4 d5 3. Nc3 Nf6 4. e5 Nfd7 5. f4 c5 6. Nf3 Nc6 7. Be3 a6 8. Ne2 Be7
9. c3 O-O 10. h4 f6 11. Qc2 a5 12. h5 h6 13. Rh3 Nb6 14. Rg3 f5 15. dxc5 Nd7 16.
Rg6 Nxc5 17. g4 fxg4 18. Rxg4 Ne4 19. Ng3 Nxg3 20. Rxg3 Rf5 21. Bd3 Bh4 22. Nxh4
Qxh4 23. Qf2 Qxh5 24. Qg2 Qf7 25. Bxf5 exf5 26. O-O-O Nd8 27. e6 Nxe6 28. Rg1
Bd7 29. Bd4 g5 30. fxg5 f4 31. Rh3 Qf5 32. gxh6+ Kf7 33. h7 Nxd4 34. Qg7+ 1-0

[Event "Sardinia World Open A"]
[Site "Orosei ITA"]
[Date "2026.05.04"]
[Round "2.19"]
[White "Rychagov, Nikita"]
[Black "Hardaway, Brewington"]
[Result "1/2-1/2"]
[WhiteTitle "CM"]
[BlackTitle "GM"]
[WhiteElo "2304"]
[BlackElo "2510"]
[WhiteFideId "4508394"]
[BlackFideId "30941849"]
[EventDate "2026.05.03"]

1. e4 e5 2. Nf3 Nc6 3. Bb5 a6 4. Ba4 f5 5. d4 exd4 6. e5 b5 7. Bb3 Na5 8. O-O
Bb7 9. Nxd4 c5 10. Nxf5 c4 11. Qg4 Qb6 12. Nxg7+ Bxg7 13. Qxg7 Qg6 14. Qxg6+
hxg6 15. Bd2 Nc6 16. Bxc4 bxc4 17. Bc3 Rc8 18. Na3 Nce7 19. Rad1 Nd5 20. Rd4
Nge7 21. e6 O-O 22. exd7 Rcd8 23. Nxc4 Rxd7 24. Ba5 Nf5 25. Rd2 Re7 26. f3 Rfe8
27. b3 g5 28. Rfd1 Nf4 29. Nd6 Nxd6 30. Rxd6 Re2 31. R1d2 g4 32. Rxe2 Rxe2 33.
Rd2 gxf3 34. gxf3 Bxf3 35. Rxe2 Bxe2 36. Kf2 Bd1 37. Ke3 Ne6 38. Kd2 Bf3 39. c4
Kf7 40. Kc3 Ke7 41. Bb6 Kd6 42. Be3 Kc6 43. b4 Bd1 44. h4 Ng7 45. Bf2 Nf5 46.
Kd2 Bh5 47. a4 Nd6 48. b5+ axb5 49. axb5+ Nxb5 50. cxb5+ 1/2-1/2

[Event "Sardinia World Open A"]
[Site "Orosei ITA"]
[Date "2026.05.04"]
[Round "2.20"]
[White "Srinath, Rao S.V."]
[Black "Velten, Paul"]
[Result "1/2-1/2"]
[WhiteTitle "IM"]
[BlackTitle "GM"]
[WhiteElo "2296"]
[BlackElo "2487"]
[WhiteFideId "5028876"]
[BlackFideId "681091"]
[EventDate "2026.05.03"]

1. e4 c6 2. c4 d5 3. exd5 cxd5 4. cxd5 Nf6 5. Nc3 Nxd5 6. Bc4 e6 7. Nf3 Nxc3 8.
bxc3 Qc7 9. Bb3 Nd7 10. O-O Bd6 11. Re1 O-O 12. Bb2 b6 13. d4 Bb7 14. h3 Rfd8
15. Qe2 Rac8 16. c4 Nf8 17. Rac1 Ng6 18. d5 Bc5 19. dxe6 Re8 20. Ng5 f6 21. Ne4
Rxe6 22. Qg4 Ree8 23. Nxc5 bxc5 24. Ba4 Bc6 25. Bc2 Bd7 26. Qh5 Rxe1+ 27. Rxe1
Be8 28. Be4 Bf7 29. Bd5 Kh8 30. Qf5 Bxd5 31. Qxd5 h6 32. Qf5 Nf8 33. g3 Rb8 34.
Ba3 Qa5 35. Re3 Qd2 36. Bxc5 Qd1+ 37. Kg2 Rb1 38. g4 Qg1+ 39. Kf3 Rf1 40. Re2
Qh1+ 41. Ke3 Qxh3+ 42. Qf3 Qxf3+ 43. Kxf3 Nd7 44. Bxa7 Rc1 45. c5 Ne5+ 46. Kf4
Rc4+ 47. Kf5 Kg8 48. Ke6 Rxg4 49. Rxe5 fxe5 50. c6 Rc4 51. Kd7 h5 52. c7 h4 53.
f3 h3 54. Bg1 g5 55. a4 g4 56. fxg4 e4 57. a5 e3 58. a6 e2 59. a7 e1=Q 60. a8=Q+
Kg7 61. c8=Q Qd1+ 62. Ke7 Rxc8 63. Qxc8 Qe1+ 64. Qe6 Qxe6+ 65. Kxe6 1/2-1/2

[Event "Sardinia World Open A"]
[Site "Orosei ITA"]
[Date "2026.05.04"]
[Round "2.21"]
[White "Ilinca, Felix-Antonio"]
[Black "Llari, Marc"]
[Result "1-0"]
[WhiteTitle "IM"]
[BlackTitle "FM"]
[WhiteElo "2486"]
[BlackElo "2273"]
[WhiteFideId "54764998"]
[BlackFideId "651044269"]
[EventDate "2026.05.03"]

1. d4 Nf6 2. c4 e6 3. Nf3 d5 4. Nc3 dxc4 5. e4 b5 6. e5 Nd5 7. Nxb5 Nb6 8. Be2
Nc6 9. O-O Be7 10. Be3 O-O 11. Nc3 Rb8 12. a3 Na5 13. Qc2 Bb7 14. Rad1 Qd7 15.
h3 Qc6 16. Rfe1 Rfd8 17. Bf1 Nb3 18. Nh2 Rd7 19. f4 Rbd8 20. Nf3 Ba6 21. Bf2 Nd5
22. f5 g6 23. f6 Bf8 24. Ne4 Qb5 25. Neg5 c5 26. Qe4 Nxd4 27. Rxd4 Nxf6 28. exf6
cxd4 29. Ne5 Qd5 30. Qh4 h6 31. Ngf3 d3 32. Be3 h5 33. Qg3 Bd6 34. Bf4 Bb7 35.
Nxg6 fxg6 36. Qxg6+ Kh8 37. Re5 Bxe5 38. Bxe5 Qc5+ 39. Kh1 Bxf3 40. f7+ Qxe5 41.
Qh6# 1-0

[Event "Sardinia World Open A"]
[Site "Orosei ITA"]
[Date "2026.05.04"]
[Round "2.22"]
[White "Castellanos Villela, Alejandro"]
[Black "Gharibyan, Mamikon"]
[Result "1/2-1/2"]
[WhiteTitle "FM"]
[BlackTitle "GM"]
[WhiteElo "2271"]
[BlackElo "2477"]
[WhiteFideId "3446379"]
[BlackFideId "13308300"]
[EventDate "2026.05.03"]

1. Nf3 d5 2. g3 g6 3. Bg2 Bg7 4. d4 Nf6 5. O-O O-O 6. c4 dxc4 7. Na3 Nc6 8. Nxc4
Be6 9. b3 a5 10. Bb2 Bd5 11. Ne3 Be4 12. a3 Ra6 13. Nc4 Bd5 14. Qd3 Qc8 15. Nfe5
Bxg2 16. Kxg2 Nxe5 17. Nxe5 Rd8 18. e4 Nd7 19. Nf3 c5 20. Rac1 Qb8 21. Qe2 cxd4
22. Bxd4 Bxd4 23. Nxd4 Nf6 24. Rfd1 Rad6 25. Nf3 Rxd1 26. Rxd1 Rxd1 1/2-1/2

[Event "Sardinia World Open A"]
[Site "Orosei ITA"]
[Date "2026.05.04"]
[Round "2.23"]
[White "Kuru, Atilla"]
[Black "Solomon, Kenneth Terence"]
[Result "1-0"]
[WhiteTitle "IM"]
[BlackTitle "GM"]
[WhiteElo "2464"]
[BlackElo "2270"]
[WhiteFideId "51607948"]
[BlackFideId "14300192"]
[EventDate "2026.05.03"]

1. e4 e5 2. Nf3 Nc6 3. Bc4 Bc5 4. c3 Nf6 5. d4 exd4 6. e5 d5 7. Bb5 Ne4 8. cxd4
Bb6 9. Nc3 O-O 10. Be3 Bg4 11. Qc2 Bf5 12. Qe2 Nb4 13. O-O a6 14. Ba4 Nxc3 15.
bxc3 Bd3 16. Qd2 Bxf1 17. Rxf1 Nc6 18. Bg5 f6 19. exf6 gxf6 20. Bh6 Rf7 21. Qf4
Ne7 22. Qg4+ Kh8 23. Qe6 Qg8 24. Re1 Ba5 25. Re3 b5 26. Bc2 Ng6 27. h4 Rd8 28.
h5 Rd6 29. Qe8 Ne5 30. Nxe5 fxe5 31. Qxe5+ Rff6 32. Bg5 Qe6 33. Bxf6+ Qxf6 34.
Qe8+ Kg7 35. h6+ 1-0

[Event "Sardinia World Open A"]
[Site "Orosei ITA"]
[Date "2026.05.04"]
[Round "2.24"]
[White "Redzisz, Michal"]
[Black "Song, Yuxin"]
[Result "0-1"]
[WhiteTitle "FM"]
[BlackTitle "IM"]
[WhiteElo "2265"]
[BlackElo "2462"]
[WhiteFideId "21816107"]
[BlackFideId "8614300"]
[EventDate "2026.05.03"]

1. e4 c5 2. d4 cxd4 3. Qxd4 Nc6 4. Qe3 g6 5. c4 Bg7 6. Nc3 Nf6 7. Nf3 d6 8. h3
Nd7 9. Be2 O-O 10. O-O Qb6 11. Qxb6 Nxb6 12. Bd2 Be6 13. b3 Nd7 14. Rab1 Nc5 15.
b4 Bxc3 16. bxc5 Bxd2 17. Nxd2 Rab8 18. cxd6 Rfd8 19. Nb3 Rxd6 20. c5 Rdd8 21.
Rfc1 Rbc8 22. Bc4 Bxc4 23. Rxc4 Rc7 24. Kf1 Rcd7 25. Ke2 g5 26. Rb2 Ne5 27. Rc3
Nd3 28. Rd2 Nf4+ 29. Kd1 f6 30. h4 gxh4 31. g3 Nd3 32. Ke2 h3 33. Kf1 h2 34. Kg2 0-1

[Event "Sardinia World Open A"]
[Site "Orosei ITA"]
[Date "2026.05.04"]
[Round "2.25"]
[White "Muthaiah, AL"]
[Black "Urbani, Gabriel"]
[Result "1-0"]
[WhiteTitle "IM"]
[BlackTitle "FM"]
[WhiteElo "2448"]
[BlackElo "2258"]
[WhiteFideId "5092442"]
[BlackFideId "2830138"]
[EventDate "2026.05.03"]

1. Nf3 Nf6 2. c4 c6 3. d4 d5 4. e3 e6 5. Nbd2 Nbd7 6. b3 Bd6 7. Bb2 b6 8. Bd3
Bb7 9. O-O O-O 10. Qe2 Qe7 11. e4 dxe4 12. Nxe4 Nxe4 13. Qxe4 f5 14. Qe3 h6 15.
Rfe1 Rae8 16. c5 bxc5 17. Bc4 Kh8 18. dxc5 Bxh2+ 19. Kxh2 Kh7 20. Qxe6 Qxe6 21.
Bxe6 Nxc5 22. Bxf5+ g6 23. Bc2 Ne6 24. Ne5 Rxf2 25. Bxg6+ Kg8 26. Bxe8 1-0

[Event "Sardinia World Open A"]
[Site "Orosei ITA"]
[Date "2026.05.04"]
[Round "2.26"]
[White "Mond, Omri"]
[Black "Sai, Krishna G V"]
[Result "0-1"]
[BlackTitle "IM"]
[WhiteElo "2083"]
[BlackElo "2443"]
[WhiteFideId "2851261"]
[BlackFideId "5028280"]
[EventDate "2026.05.03"]

1. e4 e5 2. Nf3 Nc6 3. Nc3 Nf6 4. Bb5 Bd6 5. Bxc6 dxc6 6. d4 Bb4 7. O-O exd4 8.
Nxd4 O-O 9. Bg5 h6 10. Bh4 g5 11. Bg3 Bxc3 12. bxc3 Nxe4 13. Qh5 Qf6 14. h4 Nxc3
15. hxg5 Qxd4 16. gxh6 Kh7 17. Be5 Qd5 18. Rfe1 Rg8 19. Qh2 Qc4 20. Re3 Nd5 21.
Rf3 Be6 22. Re1 Qxc2 23. Bg7 Rae8 24. Qg3 Qg6 25. Qh4 Bg4 26. Rxe8 Bxf3 0-1

[Event "Sardinia World Open A"]
[Site "Orosei ITA"]
[Date "2026.05.04"]
[Round "2.27"]
[White "Bai, Adelard"]
[Black "Seppala, Joni"]
[Result "1-0"]
[WhiteTitle "IM"]
[WhiteElo "2436"]
[BlackElo "1989"]
[WhiteFideId "16301188"]
[BlackFideId "511285"]
[EventDate "2026.05.03"]

1. d4 d5 2. Nf3 Nf6 3. c4 e6 4. g3 Bb4+ 5. Bd2 Be7 6. Bg2 O-O 7. O-O c6 8. Qc2
Nbd7 9. Bf4 b6 10. Rd1 Bb7 11. Ne5 Nxe5 12. dxe5 Nd7 13. cxd5 cxd5 14. e4 dxe4
15. Bxe4 Bxe4 16. Qxe4 Nc5 17. Qf3 Qc7 18. Nc3 a6 19. Rac1 Rfd8 20. b4 Qb7 21.
Qe3 Nd7 22. Bg5 Bxg5 23. Qxg5 Qb8 24. Rd6 Nf8 25. Ne4 Rc8 26. Rcd1 Ng6 27. Qh5
h6 28. Rxe6 fxe6 29. Nf6+ gxf6 30. Qxg6+ Kh8 31. Rd7 1-0

[Event "Sardinia World Open A"]
[Site "Orosei ITA"]
[Date "2026.05.04"]
[Round "2.29"]
[White "Kantane, Anna"]
[Black "La Ricca, Silvio"]
[Result "1-0"]
[WhiteTitle "WIM"]
[WhiteElo "2216"]
[BlackElo "2071"]
[WhiteFideId "1135988"]
[BlackFideId "893951"]
[EventDate "2026.05.03"]

1. e4 c5 2. c3 Nf6 3. e5 Nd5 4. d4 cxd4 5. cxd4 Nc6 6. Nf3 d6 7. Bc4 Nb6 8. Bb5
dxe5 9. Nxe5 Bd7 10. Nxd7 Qxd7 11. Nc3 e6 12. O-O Be7 13. Qg4 Bf6 14. Rd1 a6 15.
Bxc6 bxc6 16. Ne4 Nd5 17. Nxf6+ gxf6 18. Rd3 Qd6 19. Rb3 Rb8 20. Rh3 Ke7 21. b3
Qb4 22. Be3 a5 23. Qd1 Rbd8 24. Qc2 Qc3 25. Qxc3 Nxc3 26. Bd2 Ne2+ 27. Kf1 Nxd4
28. Bxa5 Rd5 29. Bc3 c5 30. Bxd4 Rxd4 31. Rc1 Kd6 32. Ke2 h5 33. Rhc3 Rd5 34.
Rc4 Rg8 35. g3 Rg4 36. f3 Rg8 37. Ra4 Rd8 38. Rc2 Rd7 39. Ra6+ Ke5 40. Rc6 h4
41. R6xc5 hxg3 42. hxg3 f5 43. Ke3 Kf6 44. Rxd5 Rxd5 45. a4 e5 46. b4 Rd4 47.
Rb2 Ke6 48. a5 Kd6 49. b5 Kc7 50. b6+ Kb8 51. Rb5 f6 52. f4 Re4+ 53. Kf3 Re1 54.
Rd5 exf4 55. Re5 1-0

[Event "Sardinia World Open A"]
[Site "Orosei ITA"]
[Date "2026.05.04"]
[Round "2.30"]
[White "Khassenov, Mansur"]
[Black "Saine, Zachary"]
[Result "0-1"]
[WhiteElo "2010"]
[BlackElo "2135"]
[WhiteFideId "13768700"]
[BlackFideId "2624346"]
[EventDate "2026.05.03"]

1. c4 e5 2. Nc3 Nf6 3. Nf3 Nc6 4. e4 h6 5. d4 Bb4 6. dxe5 Nxe4 7. Bd2 Bxc3 8.
Bxc3 Nxc3 9. bxc3 Qe7 10. Qe2 O-O 11. O-O-O Re8 12. Re1 Qc5 13. Qe4 d6 14. Bd3
f5 15. Qd5+ Qxd5 16. cxd5 Nxe5 17. Bb5 Re7 18. Nd4 a6 19. Be2 Bd7 20. f4 Ng6 21.
Ref1 Nf8 22. h4 Nh7 23. Bd3 Nf6 24. c4 g6 25. h5 Nxh5 26. Rh3 Rf8 27. Kd2 Kg7
28. Rfh1 Nxf4 29. Rxh6 Nh5 30. R6xh5 gxh5 31. Rxh5 Rh8 32. Nxf5+ Bxf5 33. Rxf5
Rf7 34. Rg5+ Kf8 35. Be4 Rg8 36. Rh5 Rg4 37. Kd3 Rff4 38. Rh8+ Kg7 39. Rh7+ Kg8
40. Re7 Kf8 41. Re6 Rf2 42. Bf3 Rg7 43. a4 Ra2 44. Rh6 Re7 45. Bg4 Kg7 46. Rh2
Rxa4 47. Be6 Kf6 48. g4 Rg7 49. Rh6+ Kg5 50. Rh5+ Kg6 51. Rh8 b6 52. Rf8 a5 53.
Bf5+ Kg5 54. Be6 Rb4 55. Rf5+ Kh4 56. Rh5+ Kg3 57. Rh1 a4 58. Kc3 Rb3+ 59. Kc2
Rf3 60. Kd2 a3 61. Ke2 Kf4 62. Rh6 a2 63. Rh1 Rh7 64. Rxh7 Re3+ 0-1

[Event "Sardinia World Open A"]
[Site "Orosei ITA"]
[Date "2026.05.04"]
[Round "2.31"]
[White "Kavutskiy, Kostya"]
[Black "Suyarov, Mukhammadzokhid"]
[Result "0-1"]
[WhiteTitle "IM"]
[BlackTitle "IM"]
[WhiteElo "2318"]
[BlackElo "2534"]
[WhiteFideId "2026384"]
[BlackFideId "14210495"]
[EventDate "2026.05.03"]

1. c4 Nf6 2. d4 e6 3. Nc3 Bb4 4. e3 O-O 5. Bd2 b6 6. Nf3 Bb7 7. Bd3 d5 8. cxd5
exd5 9. Rc1 a6 10. Ne5 Bd6 11. f4 c5 12. O-O Nc6 13. Ng4 Nb4 14. Bb1 c4 15. Ne5
b5 16. Qf3 Nc6 17. Be1 Ne7 18. g4 Nd7 19. g5 g6 20. h4 f6 21. Ng4 Qe8 22. Rc2 b4
23. Nd1 Nf5 24. Rh2 Ng7 25. Ndf2 Nh5 26. Nh1 f5 27. Ne5 Ng7 28. Ng3 Rb8 29. h5
Nxe5 30. fxe5 Be7 31. hxg6 hxg6 32. Ne2 a5 33. Nf4 Bxg5 34. Rg2 Bxf4 35. Qxf4
Kf7 36. Bh4 Rg8 37. Kf2 Bc8 38. Rfg1 Rb6 39. e4 dxe4 40. Bxe4 Ne6 41. Bd5 Bb7
42. Rxg6 Rxg6 43. Qxf5+ Kg7 44. Bf6+ Kf8 45. Rxg6 Qxg6 46. Qxg6 Bxd5 47. Bd8 Rb7
48. Qh6+ Ke8 49. Bf6 c3 50. bxc3 bxc3 51. Qg6+ Kd7 52. Qf7+ Kc6 53. Qe8+ Kb6 54.
Ke3 c2 55. Kd2 Rc7 56. Kc1 Nf4 57. Qb8+ Bb7 58. Qxc7+ Kxc7 59. Kxc2 Kb6 60. Be7
Kb5 61. a3 Kc4 62. Bd8 a4 63. Bb6 Be4+ 64. Kd2 Bf5 65. Bc5 Ne6 66. Kc1 Kc3 67.
Bb4+ Kxd4 68. Bd6 Kd3 69. Kb2 Nd4 70. Bb4 Nc6 71. Bd6 Na5 72. Kc1 Nc4 73. Bc7
Nxa3 74. Bd6 Nc4 75. Kb1 Kc3+ 76. Ka1 Kb3 77. Bc7 a3 78. e6 a2 79. e7 Ne3 80.
e8=N Nc2# 0-1

[Event "Sardinia World Open A"]
[Site "Orosei ITA"]
[Date "2026.05.05"]
[Round "3.1"]
[White "Nepomniachtchi, Ian"]
[Black "Sokolovsky, Yahli"]
[Result "1-0"]
[WhiteTitle "GM"]
[BlackTitle "GM"]
[WhiteElo "2729"]
[BlackElo "2564"]
[WhiteFideId "4168119"]
[BlackFideId "2820242"]
[EventDate "2026.05.03"]

1. e4 e5 2. Nf3 Nc6 3. Bb5 a6 4. Ba4 Nf6 5. O-O Be7 6. Re1 b5 7. Bb3 d6 8. c3
O-O 9. h3 Nb8 10. d4 Nbd7 11. Nbd2 Bb7 12. Bc2 Re8 13. Nf1 Bf8 14. Ng3 a5 15.
Bd2 a4 16. Bd3 c6 17. Qc2 Qb6 18. b4 axb3 19. axb3 Rxa1 20. Rxa1 b4 21. Be3 c5
22. dxc5 dxc5 23. cxb4 Qxb4 24. Bc4 h6 25. Ra4 Qb6 26. b4 Qc7 27. Ra7 Nb6 28.
Bb5 Rc8 29. Ba6 cxb4 30. Qxc7 Rxc7 31. Rxb7 1-0

[Event "Sardinia World Open A"]
[Site "Orosei ITA"]
[Date "2026.05.05"]
[Round "3.2"]
[White "Saric, Ivan"]
[Black "Zeng, Chongsheng"]
[Result "1/2-1/2"]
[WhiteTitle "GM"]
[BlackTitle "GM"]
[WhiteElo "2657"]
[BlackElo "2557"]
[WhiteFideId "14508150"]
[BlackFideId "8603847"]
[EventDate "2026.05.03"]

1. e4 c5 2. Nf3 Nc6 3. Bb5 Nf6 4. Nc3 g6 5. Bxc6 bxc6 6. e5 Nd5 7. O-O Bg7 8.
Ne4 d6 9. c4 f5 10. Nxd6+ exd6 11. cxd5 dxe5 12. Nxe5 Qxd5 13. f4 O-O 14. Qf3
Qd4+ 15. Qe3 Bxe5 16. fxe5 Rd8 17. d3 Rb8 18. Rf2 Qxe3 19. Bxe3 Rxd3 20. Bxc5 a5
21. Rc1 Be6 22. Bd6 Rb7 23. Re2 Rb6 24. Rc5 Ra6 25. b3 Kf7 26. Kf2 Bd5 27. Bc7
a4 28. e6+ Bxe6 29. bxa4 Rd7 30. Bg3 Rd5 31. Rc1 c5 32. Rb1 g5 33. Be5 Rxa4 34.
Rb7+ Bd7 35. Rb6 Re4 36. Rxe4 fxe4 37. Rd6 e3+ 38. Ke1 Rxe5 39. Rxd7+ Ke6 40.
Rxh7 c4 41. Rc7 Kd5 42. Ke2 Kd4 43. g3 Kc3 44. h4 gxh4 45. gxh4 Rh5 46. a4 Kb3
47. Kxe3 Rxh4 48. a5 c3 49. a6 Rh8 50. Rb7+ Kc2 51. a7 Ra8 52. Rc7 Kb2 53. Kd3
Rd8+ 54. Kc4 c2 55. Kb5 1/2-1/2

[Event "Sardinia World Open A"]
[Site "Orosei ITA"]
[Date "2026.05.05"]
[Round "3.3"]
[White "Yilmaz, Mustafa"]
[Black "Karthikeyan, Murali"]
[Result "1/2-1/2"]
[WhiteTitle "GM"]
[BlackTitle "GM"]
[WhiteElo "2549"]
[BlackElo "2648"]
[WhiteFideId "6302718"]
[BlackFideId "5074452"]
[EventDate "2026.05.03"]

1. d4 Nf6 2. c4 e6 3. Nf3 d5 4. Nc3 dxc4 5. e4 Bb4 6. Bxc4 Nxe4 7. O-O Nf6 8.
Qa4+ Nc6 9. Ne5 Rb8 10. Nxc6 bxc6 11. Rd1 O-O 12. Qxa7 Bd7 13. Qa4 e5 14. dxe5
Ng4 15. Be2 Nxe5 16. Bf4 Bd6 17. Ne4 Rxb2 18. Nxd6 cxd6 19. Bf1 c5 20. Qa7 Qf6
21. Bxe5 Qxf2+ 22. Kh1 dxe5 23. Qxd7 Rxa2 24. Rxa2 Qxa2 25. Qe7 g6 26. Qxc5 Qe6
27. Re1 Re8 28. Qb5 Re7 29. Rd1 Kg7 30. Bc4 Qc8 31. Qd5 Qb7 32. Qd6 Qc7 33. Qd5
Qb7 34. Qd6 Qc7 35. Qd3 h5 36. Qd5 Qb7 37. Qd6 Qc7 38. Qd3 Qc6 39. Rf1 Rd7 40.
Qb3 Qb7 41. Qa2 Rc7 42. Qe2 Re7 43. Qf2 f5 44. Qc5 Qc7 45. Qd5 Kh6 46. Rd1 e4
47. g3 Qe5 48. Qd8 Re8 49. Qd2+ e3 50. Qe2 f4 51. gxf4 Qe4+ 52. Kg1 Rf8 53. Rf1
Rxf4 54. Rxf4 Qxf4 55. Bd3 1/2-1/2